000 00901cam a22002651 4500
001 6573250
003 BD-DhUL
005 20170109112900.0
008 720706s1963 enk b 000 0 eng
010 _a 63024305
035 _a(OCoLC)349383
040 _aDLC
_cODaWU
_dOCoLC
_dDLC
_dBD-DhUL
050 0 0 _aPR541
_b.H3
082 _a821.4
_bHAT
100 1 _aHamilton, K. G.
245 1 4 _aThe two harmonies :
_bpoetry and prose in the seventeenth century /
260 _aOxford :
_bClarendon Press,
_c1963.
300 _avi, 218 p. ;
_c23 cm.
504 _aBibliography: p. [203]-214.
650 0 _aEnglish poetry
_yEarly modern, 1500-1700
_xHistory and criticism.
650 0 _aEnglish prose literature
_yEarly modern, 1500-1700
_xHistory and criticism.
651 0 _aGreat Britain
_xIntellectual life
_y17th century.
906 _a7
_bcbc
_coclcrpl
_du
_encip
_f19
_gy-gencatlg
942 _2ddc
_cBK
999 _c148195
_d148195